000 00705nam a2200145Ia 4500
008 090124s9999 xx 000 0 und d
082 _b33375
245 _a नादवेध ( हिंदुस्थानी रागांवर आधारित लेखमाला )
250 _a1
260 _bपिशवीकर सुलभा / गोडबोले अच्युत
_c2005
300 _a251
630 _a नादवेध ( हिंदुस्थानी रागांवर आधारित लेखमाला )
730 _a नादवेध ( हिंदुस्थानी रागांवर आधारित लेखमाला )
942 _cBOOK
999 _c180896
_d180896